| 000 | 00523nam a2200133 a 4500 | ||
|---|---|---|---|
| 008 | 120416s1981 ||||||||||||||||| || u | ||
| 050 | _aNA 3571.F5 Mik | ||
| 100 | _aMikkola, Kirmo | ||
| 245 | 1 | 0 | _aArchitecture in Finland in the 20th century |
| 260 |
_aHelsinki _bFinnish-American Cultural Institute _c1981 |
||
| 300 | _a80p. : ill. | ||
| 350 | _a0.00 | ||
| 995 |
_D0.00 _FCBU-MAIN LIBRARY (Kitwe) _H1 _I0.00 _M1 _UWEEDED _VAug 30, 2017 _ZMain Library Open Access Collection |
||
| 999 |
_c34785 _d34785 |
||